Normal view
MARC view
Entry Personal Name
001 - CONTROL NUMBER
- control field: 6830
003 - CONTROL NUMBER IDENTIFIER
- control field: OSt
005 - DATE AND TIME OF LATEST TRANSACTION
- control field: 20160225140314.0
008 - FIXED-LENGTH DATA ELEMENTS
- fixed length control field: 160225|| aca||aabn | a|a d
040 ## - CATALOGING SOURCE
- Original cataloging agency: OSt
- Transcribing agency: OSt
100 ## - HEADING--PERSONAL NAME
- Personal name: Barringer,Bruce R;
670 ## - SOURCE DATA FOUND
- Source citation: Work cat.: (OSt): Barringer,Bruce R;, Entrepreneurship., 2005.
